书目信息 |
| 题名: |
桥梁设计百问
|
|
| 作者: | 邵旭东 , 胡建华 编著 | |
| 分册: | ||
| 出版信息: | 北京 人民交通出版社 2005.11 |
|
| 页数: | 18,452页 | |
| 开本: | 23cm | |
| 丛书名: | 公路建设百问丛书 | |
| 单 册: | ||
| 中图分类: | U442.5 | |
| 科图分类: | ||
| 主题词: | 桥梁工程--qiao liang gong cheng--设计 | |
| 电子资源: | ||
| ISBN: | 7-114-05771-7 | |
| 000 | 01049cam2 2200301 450 | |
| 001 | 012006078030 | |
| 005 | 20060329101010.1 | |
| 010 | @a7-114-05771-7@dCNY44.00 | |
| 100 | @a20050716d2005 em y0chiy0121 ea | |
| 101 | 0 | @achi |
| 102 | @aCN@b110000 | |
| 105 | @afk z 001yy | |
| 200 | 1 | @a桥梁设计百问@Aqiao liang she ji bai wen@f邵旭东,胡建华编著 |
| 205 | @a2版 | |
| 210 | @a北京@c人民交通出版社@d2005.11 | |
| 215 | @a18,452页@c图@d23cm | |
| 225 | 2 | @a公路建设百问丛书@Agong lu jian she bai wen cong shu |
| 320 | @a有索引(第431-448页)、书目(第449-452页) | |
| 330 | @a本书包括:桥梁总体规划与布置、桥梁上的作用、梁式桥、刚构桥、拱桥、斜拉桥、悬索桥、结构设计计算、桥梁下部结构等内容。 | |
| 461 | 0 | @12001 @a公路建设百问丛书 |
| 510 | 1 | @aBridge design-questions & answers@zeng |
| 606 | 0 | @a桥梁工程@Aqiao liang gong cheng@x设计 |
| 690 | @aU442.5@v4 | |
| 701 | 0 | @a邵旭东@Ashao xu dong@4编著 |
| 701 | 0 | @a胡建华@Ahu jian hua@4编著 |
| 801 | 0 | @aCN@bSRXX@c20060217 |
| 801 | 2 | @aCN@bSRXX@c20060329 |
| 905 | @a10447@dU442.5@eS335 | |
| 桥梁设计百问/邵旭东,胡建华编著.-2版.-北京:人民交通出版社,2005.11 |
| 18,452页:图;23cm.-(公路建设百问丛书) |
| ISBN 7-114-05771-7:CNY44.00 |
| 本书包括:桥梁总体规划与布置、桥梁上的作用、梁式桥、刚构桥、拱桥、斜拉桥、悬索桥、结构设计计算、桥梁下部结构等内容。 |
| ● |
| 相关链接 |
|
|
|
正题名:桥梁设计百问
索取号:U442.5/S335
 
预约/预借
| 序号 | 登录号 | 条形码 | 馆藏地/架位号 | 状态 | 备注 |
| 1 | 549350 | 205493508 | 自科库501/201建筑库 50排5列5层/ [索取号:U442.5/S335] | 在馆 | |
| 2 | 549351 | 205493517 | 自科库501/ [索取号:U442.5/S335] | 在馆 | |
| 3 | 549352 | 205493526 | 自科库501/501自科库 84排2列2层/ [索取号:U442.5/S335] | 在馆 |